[Event "IRI-ch (Women)"]
[Site "Tehran"]
[Date "2017.03.05"]
[Round "1"]
[White "Alinasab, Mobina"]
[Black "Sadati, Seyedeh Fatemeh"]
[Result "1-0"]
[WhiteElo "2220"]
[BlackElo "1859"]
[PlyCount "143"]
[EventDate "2017.03.05"]
[EventType "tourn"]
[EventRounds "7"]
[EventCountry "IRI"]
[SourceTitle "CBM 177 Extra"]
[Source "ChessBase"]
[SourceDate "2017.04.27"]
[SourceVersion "1"]
[SourceVersionDate "2017.04.27"]
[SourceQuality "1"]

1. e4 e6 2. d4 d5 3. Nd2 c5 4. exd5 exd5 5. Bb5+ Nc6 6. Ngf3 Bd6 7. 0-0 Bg4 8. dxc5 Bxc5 9. Qe1+ Nge7 10. Ne5 Be6 11. Nb3 Bb6 12. Bg5 Rc8 13. Nxc6 bxc6 14. Ba6 Rb8 15. Bf4 Bc7 16. Bxc7 Qxc7 17. Nc5 Qd6 18. Nxe6 Qxe6 19. Qc3 0-0 20. Qc5 Qd7 21. Rfe1 Nf5 22. b3 Nd6 23. Bd3 Rfe8 24. a4 Ra8 25. a5 Nb7 26. Rxe8+ Qxe8 27. Qb4 Qd7 28. Re1 Nd6 29. Qh4 g6 30. Qe7 Rd8 31. Qf6 Re8 32. Rxe8+ Nxe8 33. Qe5 Qe6 34. Qb8 Qe7 35. Kf1 Kf8 36. Qc8 Qc7 37. Qh3 Qxa5 38. Qxh7 Qa1+ 39. Ke2 Qe5+ 40. Kd1 Qd4 41. Qh6+ Ng7 42. Ke1 Qc3+ 43. Ke2 c5 44. Qh8+ Ke7 45. Qh4+ Ke6 46. Qh3+ Kd6 47. Qh8 Qe5+ 48. Kd2 Qg5+ 49. Ke1 Qe5+ 50. Kd2 Qg5+ 51. Ke2 Qh5+ 52. Qxh5 Nxh5 53. Bb5 Ng7 54. f4 Ne6 55. Ke3 Nd4 56. Bd3 Ke6 57. g4 a5 58. h4 Kf6 59. c4 Nxb3 60. cxd5 a4 61. Bc4 Na5 62. Kd3 Nb7 63. Kc3 Nd6 64. Ba2 Ke7 65. Kb2 Nb5 66. Bc4 Nd6 67. Bd3 Ne8 68. h5 Nf6 69. h6 Kf8 70. d6 Nh7 71. Ka3 Ke8 72. Bb5+ 1-0

[Event "Qazvin op (Women) 18th"]
[Site "Qazvin"]
[Date "2015.08.19"]
[Round "9"]
[White "Teymoori, Mandana"]
[Black "Sadati, Seyedeh Fatemeh"]
[Result "1-0"]
[WhiteElo "1810"]
[BlackElo "1613"]
[PlyCount "127"]
[EventDate "2015.08.14"]
[EventType "swiss"]
[EventRounds "11"]
[EventCountry "IRI"]
[SourceTitle "EXT 2016"]
[Source "ChessBase"]
[SourceDate "2015.10.08"]
[SourceVersion "1"]
[SourceVersionDate "2015.10.08"]
[SourceQuality "1"]

1. e4 e5 2. Bc4 Nf6 3. d3 Nc6 4. Nf3 Be7 5. c3 0-0 6. 0-0 d6 7. Nbd2 Be6 8. Bb3 d5 9. exd5 Bxd5 10. Bc2 Re8 11. Re1 Bd6 12. Ne4 Nxe4 13. dxe4 Be6 14. Qe2 h6 15. h3 Qf6 16. Be3 a6 17. Kh2 Ne7 18. g4 g5 19. Rg1 Ng6 20. h4 Nf4 21. Qf1 Kg7 22. h5 Kh7 23. Nd4 Bd7 24. Rg3 Kh8 25. Nf5 Bxf5 26. gxf5 Nxh5 27. Bxg5 hxg5 28. Rh3 Kg7 29. Rxh5 Rh8 30. Rxh8 Rxh8+ 31. Kg2 Rh4 32. Qd3 Rg4+ 33. Kf1 Qh6 34. Ke2 Qh5 35. Qf3 Rh4 36. Qxh5 Rxh5 37. Rg1 f6 38. Kf3 Bc5 39. Rd1 Bd6 40. Kg2 Kh6 41. c4 b6 42. b4 Kg7 43. c5 bxc5 44. bxc5 Bxc5 45. Rd7+ Kf8 46. Rxc7 Bb6 47. Rc6 Bd8 48. Rxa6 Rh7 49. Bb3 Rd7 50. Bd5 Ke7 51. a4 Rd6 52. Ra7+ Rd7 53. Ra8 Bb6 54. a5 Ba7 55. Rh8 Bc5 56. a6 Ra7 57. Bb7 Kd7 58. f3 Kc7 59. Kh3 Kb6 60. Kg4 Kc7 61. Kh5 Be7 62. Kg6 Kd7 63. Rh7 Ke8 64. Rf7 1-0